000 01103nam a22003497a 4500
003 CHAP
005 20220329135229.0
008 971013s1977 r 00010 d
010 _a32998
011 _a33970
035 _a38086
040 _cCHAP
082 _a550
_bL6
100 0 0 _aLoureiro, Milgar C.
_968626
245 _aGeología
260 _aVicosa :
_bUniversidade Federal de Vicosa,
_c1977
300 _a42 p.
490 _aSerie de bibliografías especializadas
590 _aBATCH-UPD
_b10
_c20130110
_lUCH01
_h0109
590 _aBATCH-UPD
_b10
_c20130110
_lUCH01
_h2144
590 _aBATCH-UPD
_b10
_c20130409
_lUCH01
_h2100
590 _aBATCH-UPD
_b10
_c20130410
_lUCH01
_h1452
590 _aBATCH-UPD
_b10
_c20130914
_lUCH01
_h1025
590 _aCONVERSION
_b10
_c20130109
_lUCH01
_h1319
650 1 4 _aGeología
_xBibliografía.
_947610
700 0 _aAvelar, Doris M.
_98492
700 0 _aConceicao, Carmelidia C.
_926288
830 0 _aSerie de bibliografías especializadas
_9104685
901 _aBK
942 _cLIBRO
949 _a550 L6
_bBC
_cC
_d33724000515664
_eC
_h43453
_i38086
_mD
_si
999 _c32998
_d32998